000 00486nam a2200193Ia 4500
005 20240823030811.0
008 240823s9999||||xx |||||||||||||| ||und||
020 _a978-0-7506-6955-9
041 _aENGLISH
082 _A629.2 Q1
100 _aSteven Daly
245 0 _aAutomotive Air-Conditioning Climate Control Systems
250 _a1st
260 _c2011
_bEls
_aJapan
500 _aYES
650 _aControl Systems
_bAutomobile Engineering
942 _cBK
999 _c189557
_d189557